000 00344nam a22001577a 4500
020 _a412073404
041 _aENG
100 _aSerge
245 _aDesign Of Dams For Percolation And Erosion Vol 3
250 _aVol 3
260 _aDelhi
_bOxford & Ibh Pub
_c1996
300 _a285
650 _aIDE
700 _aLeliavsky
856 _uIDE
999 _c377
_d377